Sports Quiz

Random Sports or Hockey Quiz

Hockey Hall of Fame Quiz Stats

 Plays Quiz Updated Nov 15, 2018

Score 0/280 Timer 20:00
10 Plays Today
Year Player % Correct
1999Wayne Gretzky
92.8%
2011Mark Howe
85.1%
1972Gordie Howe
83.4%
1979Bobby Orr
82.2%
1983Bobby Hull
81.9%
1965Syd Howe
81.6%
1997Mario Lemieux
79.8%
2007Mark Messier
77.7%
2006Patrick Roy
75.9%
1961Maurice Richard
75.9%
1979Henri Richard
75.4%
1993Billy Smith
72.1%
1972Hooley Smith
71.9%
1991Clint Smith
71.8%
1962Alf Smith
71.8%
1973Tommy Smith
71.8%
2012Joe Sakic
71%
1984Phil Esposito
70.2%
2018Martin Brodeur
70.2%
1988Tony Esposito
70%
2009Brett Hull
69.8%
2016Eric Lindros
68.8%
2012Pavel Bure
68.5%
2017Teemu Selanne
67.4%
2014Dominik Hasek
66.8%
2012Mats Sundin
64.9%
1988Guy Lafleur
64.8%
2014Mike Modano
64.7%
2015Sergei Fedorov
63.6%
2004Ray Bourque
63.6%
2001Jari Kurri
63.3%
1991Mike Bossy
63.1%
2015Nicklas Lidstrom
63.1%
2014Peter Forsberg
63%
2014Rob Blake
63%
2009Steve Yzerman
62.4%
2004Paul Coffey
62%
2013Brendan Shanahan
62%
1987Bobby Clarke
61.5%
2017Paul Kariya
61.5%
2011Ed Belfour
61.2%
2018Martin St. Louis
61%
2003Grant Fuhr
60.6%
2012Adam Oates
60.6%
2011Doug Gilmour
60.5%
2017Dave Andreychuk
60.4%
2013Chris Chelios
59.7%
1983Stan Mikita
59.3%
1997Bryan Trottier
59.1%
1970Tom Johnson
58.5%
1958Ching Johnson
58.4%
1952Moose Johnson
58.4%
2008Glenn Anderson
58.3%
2017Mark Recchi
58.1%
2015Chris Pronger
57.9%
1983Ken Dryden
57.3%
1978Jacques Plante
56.7%
2013Scott Niedermayer
56.4%
1995Larry Robinson
56.4%
1991Denis Potvin
56.4%
2007Scott Stevens
56.3%
2011Joe Nieuwendyk
56.2%
1992Marcel Dionne
55.8%
2007Ron Francis
55.4%
1972Jean Beliveau
54.1%
1986Serge Savard
53.9%
2000Denis Savard
53.9%
1971Terry Sawchuk
53.7%
2016Rogie Vachon
52.6%
2015Phil Housley
52.2%
1975Glenn Hall
51.7%
1961Joe Hall
51.4%
2005Cam Neely
50.7%
2009Luc Robitaille
50.1%
2007Al MacInnis
49.7%
1992Lanny McDonald
49.7%
1966Toe Blake
49.4%
2009Brian Leetch
49.2%
2003Pat LaFontaine
49.1%
2001Dale Hawerchuk
48.9%
1966Ted Lindsay
48.9%
1984Bernie Parent
48.3%
1989Darryl Sittler
47.6%
2016Sergei Makarov
47.4%
2001Mike Gartner
47.2%
1945Georges Vezina
46.8%
1945Howie Morenz
46.3%
1998Peter Stastny
45.4%
1981Johnny Bucyk
45.4%
1990Gilbert Perreault
45.4%
1947Eddie Shore
45.2%
1962Billy Gilmour
44.7%
1988Brad Park
44.6%
2010Dino Ciccarelli
44.5%
Year Player % Correct
1971Busher Jackson
44.3%
1972Bernie Geoffrion
44.2%
2008Igor Larionov
44.2%
1996Borje Salming
44%
1989Vladislav Tretiak
43.8%
1961Syl Apps
43.4%
1984Jacques Lemaire
43.2%
1977Alex Delvecchio
43.1%
1985Gerry Cheevers
42.9%
1977Tim Horton
42.8%
1981Frank Mahovlich
42.7%
1992Bob Gainey
42.4%
1973Doug Harvey
42.3%
1982Rod Gilbert
42.1%
1993Steve Shutt
42%
2004Larry Murphy
41.9%
2002Clark Gillies
41.7%
1990Bill Barber
41.6%
1969Bryan Hextall
41.4%
1982Yvan Cournoyer
41.3%
2001Viacheslav Fetisov
41.3%
1980Gump Worsley
40.9%
1969Sid Abel
40.7%
1947Cyclone Taylor
40.6%
1998Michel Goulet
40.5%
1969Red Kelly
40.3%
1976Johnny Bower
40.3%
1947Lester Patrick
40.2%
1980Lynn Patrick
40.1%
2000Joe Mullen
40.1%
1986Dave Keon
39.6%
2010Cammi Granato
39.5%
2002Bernie Federko
39.4%
1962Phat Wilson
39.3%
1985Jean Ratelle
38.9%
1993Guy Lapointe
38.8%
1959Tiny Thompson
38.7%
2002Rod Langway
38.7%
1961Charlie Conacher
38.6%
1994Lionel Conacher
38.5%
1998Roy Conacher
38.5%
1959Jack Adams
37.9%
2010Angela James
37.8%
1974Dickie Moore
37.7%
1978Andy Bathgate
37.6%
1945Hobey Baker
36.7%
1945Art Ross
36.3%
1987Eddie Giacomin
36%
1975Pierre Pilote
35.5%
1961Milt Schmidt
35.5%
1950Joe Malone
35.5%
1966Ted Kennedy
35.4%
1967Turk Broda
35%
2013Geraldine Heaney
35%
1958King Clancy
34.5%
2015Angela Ruggiero
34.4%
1966Elmer Lach
34%
1982Norm Ullman
33.7%
1975George Armstrong
33.6%
1981Allan Stanley
33.5%
1962Barney Stanley
33.5%
2005Valery Kharlamov
33.4%
1979Harry Howell
33.1%
2006Dick Duff
32.8%
1962Nels Stewart
32.4%
1975Ace Bailey
32.4%
1964Black Jack Stewart
32.4%
2017Danielle Goyette
32.2%
1952Bill Cook
32.1%
1961George Hainsworth
32%
1995Bun Cook
32%
1950Newsy Lalonde
31.8%
1962Shorty Green
31.8%
1971Gordon Roberts
31.7%
1996Bobby Bauer
31.5%
1947Dit Clapper
31%
1966Max Bentley
30.6%
1947Aurel Joliat
30.5%
1964Doug Bentley
30.5%
1961Hap Day
30.5%
1966Emile Bouchard
30.4%
1958Frank Boucher
30.4%
1960Buck Boucher
30.3%
1994Harry P. Watson
29.8%
1962Harry E. Watson
29.8%
1978Marcel Pronovost
29.7%
1987Jacques Laperrière
29.4%
1945Charlie Gardiner
29.3%
1958Herb Gardiner
29.2%
1991Bob Pulford
28.9%
1945Harvey Pulford
28.9%
1950Mike Grant
28.2%
1966Frank Brimsek
28%
1958Dick Irvin
28%
Year Player % Correct
2018Jayna Hefford
27.7%
1945Dan Bain
27.4%
2018Alexander Yakushev
27.1%
1976Bill Quackenbush
27%
1950Scotty Davidson
26.9%
1964Bill Durnan
26.9%
1965Bill Mosienko
26.9%
1962Jimmy Gardner
26.5%
1980Harry Lumley
26.4%
1963Joe Primeau
26.4%
1958Sprague Cleghorn
26.3%
1965Clint Benedict
26.3%
1989Herbie Lewis
26.1%
1970Babe Dye
26.1%
1959Cy Denneny
25.9%
1945Hod Stuart
25.8%
1961Bruce Stuart
25.7%
1950George Richardson
25.3%
1962Bullet Joe Simpson
25%
1947Frank Nighbor
25%
1985Bert Olmstead
25%
1945Frank McGee
24.9%
1992Woody Dumart
24.9%
1965Blair Russel
24.8%
1966Babe Pratt
24.7%
1958George Hay
24.6%
1960Jack Walker
24.2%
1964Babe Siebert
24.1%
1965Ernie Russell
24.1%
1963Earl Seibert
23.8%
1961Oliver Seibert
23.7%
1986Leo Boivin
23.5%
1945Russell Bowie
23.4%
1990Fernie Flaman
23.2%
1988Buddy O'Connor
23.1%
1970Bill Gadsby
22.9%
1993Edgar Laprade
22.8%
1965Red Horner
22.7%
1950Graham Drinkwater
22.7%
1960Sylvio Mantha
22.7%
1945Tommy Phillips
22.5%
1962Jack Laviolette
22.1%
1968Bill Cowley
22.1%
1963Ebbie Goodfellow
21.5%
1965Jack Marshall
21.3%
1966Ken Reardon
21.2%
1969Roy Worters
21%
1962Punch Broadbent
20.9%
1945Eddie Gerard
20.9%
1975Gordie Drillon
20.7%
1952Dickie Boon
20.7%
1971Cooney Weiland
20.6%
1958Alex Connell
20.6%
1962Didier Pitre
20.5%
1967Harry Oliver
20.5%
1962Tom Hooper
20.5%
1958Red Dutton
20.3%
1958Frank Fredrickson
20.3%
1962Rusty Crawford
20.2%
1962Sweeney Schriner
19.9%
1965Marty Barry
19.9%
1962Harry Cameron
19.8%
1972Hap Holmes
19.8%
1962Steamer Maxwell
19.4%
1962Reg Noble
19.3%
1962Marty Walsh
19.2%
1961Percy LeSueur
19.2%
1973Chuck Rayner
19.1%
1952Mickey MacKay
19%
1962Bouse Hutton
19%
1958Paddy Moran
18.8%
1952Moose Goheen
18.6%
1974Tommy Dunderdale
18.6%
1958George McNamara
18.4%
1962Riley Hern
18.4%
1974Billy Burch
18.3%
1974Art Coulter
18.2%
1962Rat Westwick
18.1%
1950Silas Griffis
18%
1967Neil Colville
17.8%
1962Harry Hyland
17.8%
1958Duke Keats
17.6%
1961Frank Rankin
17.4%
1965Arthur Farrell
17.2%
1962Jack Darragh
17.2%
1965Fred Scanlan
17.2%
1962Jack Ruttan
17.1%
1950Harry Trihey
17%
1962Frederick Whitcroft
17%
1958Hughie Lehman
16.8%
1958Frank Foyston
16.7%
1962Billy McGimsie
16.6%

You're not logged in!

Compare scores with friends on all Sporcle quizzes.
OR
Log In

Sporcle TV

Today on Sporcle TV


Watch our educational content, quiz creation guides, and fun videos on Sporcle TV.

Show Comments

Extras

Top Quizzes Today


Score Distribution

Your Account Isn't Verified!

In order to create a playlist on Sporcle, you need to verify the email address you used during registration. Go to your Sporcle Settings to finish the process.

Report this User

Report this user for behavior that violates our Community Guidelines.

Details: